000
00269nam a22001217a 4500
082
_a
158
_b
11790
100
_a
WEISS,BRIAN
245
_a
MANY LIVES, MANY MASTERS
260
_a
LONDON
_b
PIATKUS
300
_a
219
650
_a
PERSONALITY DEVELOPMENT
_z
LONDON
942
_c
BK
999
_c
5502
_d
5502